| 000 | 00794nam a2200217 a 4500 | ||
|---|---|---|---|
| 001 | BRCA_2792 | ||
| 005 | 20190320203954.0 | ||
| 008 | 081208s1960----enka---###---#000-0#eng-# | ||
| 050 | 4 |
_aND653.R4 _b.R46 1960 |
|
| 100 | 1 |
_aRembrandt, Harmenszoon van Rijn _97840 |
|
| 245 | 1 | 0 |
_aPaintings, Drawings and Etchings _bwith an Introduction by Henri Focillon ; the three Earley Biographies ; Catalogue and Notes _cby Rembrandt, Harmenszoon van Rijn, Ludwing Goldscheirder & Henri Focillon. |
| 260 |
_aLondon _bPaidon _c1960 |
||
| 300 |
_a207 p. _bil. (algunas a color) _c32 cm. |
||
| 500 | _aAA12 | ||
| 650 | 1 | 4 |
_aAguafuertistas holandeses _97841 |
| 650 | 1 | 4 |
_aPintores holandeses _97842 |
| 700 | 1 |
_aGoldscheirder, Ludwing _97843 |
|
| 700 | 1 |
_aFocillon, Henri _97844 |
|
| 902 | _aGFM | ||
| 942 |
_2lcc _cB |
||
| 999 |
_c2532 _d2532 |
||